Riconosci l'Anno dagli eventi - Quiz n°247 - Statistics

Statistiche generali
  • Questo quiz è stato fatto 6 volte
  • Il punteggio medio è 9 su 10
Statistiche sulle risposte
Indizio Risposta % Corretto
D 19 aprile: la Crimea viene annessa alla Russia da Caterina II.
100%
F 24 luglio: viene firmato il trattato di Georgievsk tra l'Impero russo e il Regno di Cartalia-Cachezia (Georgia), che diventa protettorato russo.
100%
A 3 febbraio: la Spagna riconosce l'indipendenza degli Stati Uniti d'America.
100%
G 3 settembre: con la firma del Trattato di Versailles ha termine la guerra di indipendenza americana. La Gran Bretagna riconosce l'indipendenza degli Stati Uniti d'America.
100%
B 4 febbraio: la Gran Bretagna dichiara di volere cessare le ostilità con gli Stati Uniti.
100%
C 5 febbraio: un forte terremoto distrugge la città vecchia di Reggio Calabria, che verrà così ricostruita in stile ottocentesco. Vi sono gravi danni anche a Messina, con circa 700 vittime.
100%
E 8 giugno: il vulcano Laki, in Islanda, comincia la sua eruzione che causerà la morte di 9.350 persone.
100%
H 25 novembre: le ultime truppe di occupazione britanniche abbandonano New York.
83%
I In un discorso all'Università di Jena, Johan Jakob Griesbach accenna per la prima volta alla sua ipotesi sulla soluzione del problema sinottico.
83%
Anno 1783
50%
Nessun quiz corrispondente trovato
Distribuzione punteggi
Percentuale di utenti per punteggio
Percentile per numero di risposta
I tuoi punteggi nel tempo
Non hai fatto questo quiz